UM Logo

Nation of nations: (Record no. 5950)

MARC details
000 -LEADER
fixed length control field 00760nam a22002177a 4500
008 - FIXED-LENGTH DATA ELEMENTS--GENERAL INFORMATION
fixed length control field 161203b xxu||||| |||| 00| 0 eng d
020 ## - INTERNATIONAL STANDARD BOOK NUMBER
International Standard Book Number 0-07-214775-7
082 ## - DEWEY DECIMAL CLASSIFICATION NUMBER
Edition number 2002
Classification number DC 973
Item number D28n
100 ## - MAIN ENTRY--PERSONAL NAME
9 (RLIN) 18047
Personal name Davidson, James West
245 ## - TITLE STATEMENT
Title Nation of nations:
Remainder of title a concise narrative of the American republic/
Statement of responsibility, etc. James West Davidson [and four others].
250 ## - EDITION STATEMENT
Edition statement Third Edition
260 ## - PUBLICATION, DISTRIBUTION, ETC. (IMPRINT)
Place of publication, distribution, etc. Boston:
Name of publisher, distributor, etc. McGraw-Hill Higher Education,
Date of publication, distribution, etc. c2002.
300 ## - PHYSICAL DESCRIPTION
Extent xlvii, 991 pages:
Other physical details illustrations;
Dimensions 23 cm.
500 ## - GENERAL NOTE
General note Includes index.
650 #0 - SUBJECT ADDED ENTRY--TOPICAL TERM
9 (RLIN) 18048
Topical term or geographic name as entry element United States
General subdivision History
700 ## - ADDED ENTRY--PERSONAL NAME
9 (RLIN) 18049
Personal name Gienapp, William E.
700 ## - ADDED ENTRY--PERSONAL NAME
9 (RLIN) 18050
Personal name Heyrman, Christine Leigh
700 ## - ADDED ENTRY--PERSONAL NAME
9 (RLIN) 18051
Personal name Lytle, Mark H.
700 ## - ADDED ENTRY--PERSONAL NAME
9 (RLIN) 18052
Personal name Stoff, Michael B.
942 ## - ADDED ENTRY ELEMENTS (KOHA)
Source of classification or shelving scheme Dewey Decimal Classification
Koha item type Circulation
Holdings
Withdrawn status Lost status Source of classification or shelving scheme Damaged status Not for loan Collection code Home library Current library Date acquired Source of acquisition Total Checkouts Full call number Barcode Date last seen Price effective from Koha item type
    Dewey Decimal Classification     Circulation UM Digos College - LIC UM Digos College - LIC 05/30/2011 Donated   DC 973 D28n 2002 21562 05/15/2025 12/03/2016 Circulation